00643nam a22002057a 4500001000500000005001700005020001800022040002900040050001500069082001100084100002100095245006400116250002300180260003400203300004600237505000700283520011300290521001800403521001600421249220231212151443.0 a9780545197755 aFISKHbengcFISKHdFISKH aAG243.C566 a031.02 aClaybourne, Anna a100 most disgusting things on the planet /cAnna Claybourne aReprinted May 2014 aNew York :bScholastic,c2010 a112 pages :bcolor illustrations ;c23 cm aZ  aPresents facts about disgusting things, organized into such categories as animals, food, and the human body. a1010 bLexile aZbRaz-Plus